[Event "ROM-ch U12"]
[Site "Baile Felix"]
[Date "2017.02.05"]
[Round "4"]
[White "Drimboceanu, Serban"]
[Black "Popescu, Sergiu Traian"]
[Result "1-0"]
[WhiteElo "1024"]
[BlackElo "1249"]
[PlyCount "129"]
[EventDate "2017.02.02"]
[EventType "swiss"]
[EventRounds "9"]
[EventCountry "ROU"]
[SourceTitle "CBM 176 Extra"]
[Source "ChessBase"]
[SourceDate "2017.03.02"]
[SourceVersion "1"]
[SourceVersionDate "2017.03.02"]
[SourceQuality "1"]

1. e4 d6 2. d4 e5 3. dxe5 dxe5 4. Qxd8+ Kxd8 5. Nc3 Nc6 6. Be3 Nf6 7. 0-0-0+ Ke8 8. Bb5 Bd7 9. Bg5 Ng4 10. Rd2 h6 11. Bh4 Be7 12. Bxe7 Kxe7 13. h3 Nf6 14. Nf3 a6 15. Bxc6 Bxc6 16. Nxe5 Bxe4 17. Re1 Ke6 18. Ng4 Nxg4 19. Rxe4+ Ne5 20. f4 f6 21. fxe5 fxe5 22. Rde2 Kf6 23. Rxe5 Kg6 24. Re7 Rac8 25. b4 Rhf8 26. a4 b6 27. R2e6+ Kh7 28. a5 Rfd8 29. axb6 cxb6 30. Re3 Rb8 31. b5 axb5 32. Nxb5 Rd5 33. Nc3 Rg5 34. g4 h5 35. gxh5 Rxh5 36. R7e5 Rh6 37. Re6 Rh5 38. Na2 b5 39. R6e5 Rh6 40. Kb2 b4 41. R5e4 Rhb6 42. Kb3 Rg6 43. Nxb4 Rf8 44. c4 Kh6 45. Rh4+ Kg5 46. Rg4+ Kh6 47. Rxg6+ Kxg6 48. Rc3 Rc8 49. c5 Kf6 50. c6 Ke6 51. Rg3 Rc7 52. Kc4 Kd6 53. Kb5 Rc8 54. Rxg7 Rb8+ 55. Kc4 Rc8 56. Rg6+ Kc7 57. h4 Kb6 58. h5 Rh8 59. h6 Rh7 60. Nd5+ Ka7 61. Rg7+ Rxg7 62. hxg7 Ka6 63. g8Q Ka7 64. Kb4 Ka6 65. Qa8# 1-0

[Event "ROM-ch U12"]
[Site "Baile Felix"]
[Date "2017.02.05"]
[Round "5"]
[White "Popescu, Sergiu Traian"]
[Black "Iorgoveanu, Constantin"]
[Result "1-0"]
[WhiteElo "1249"]
[BlackElo "1001"]
[PlyCount "122"]
[EventDate "2017.02.02"]
[EventType "swiss"]
[EventRounds "9"]
[EventCountry "ROU"]
[SourceTitle "CBM 176 Extra"]
[Source "ChessBase"]
[SourceDate "2017.03.02"]
[SourceVersion "1"]
[SourceVersionDate "2017.03.02"]
[SourceQuality "1"]

1. e4 e5 2. Nf3 Nc6 3. d4 exd4 4. Nxd4 Nxd4 5. Qxd4 Nf6 6. Bg5 h6 7. Bxf6 gxf6 8. Nc3 c5 9. Qd2 d6 10. Bd3 Be6 11. 0-0 Qc7 12. Nd5 Bxd5 13. exd5 0-0-0 14. Bf5+ Kb8 15. b4 h5 16. c4 h4 17. a4 cxb4 18. Qxb4 a5 19. Qb5 Rh5 20. Bh3 f5 21. Rfe1 Be7 22. Re2 f4 23. Bg4 Rg5 24. h3 f5 25. Bf3 Rdg8 26. Rae1 R5g7 27. Re6 Rh7 28. Qb1 Rf8 29. Qc1 Bg5 30. Re8+ Rxe8 31. Rxe8+ Ka7 32. Qd2 Qxc4 33. Qxa5+ Qa6 34. Qxa6+ bxa6 35. Rf8 Kb6 36. Rxf5 Rg7 37. Bh5 Ka5 38. Be8 Bh6 39. Rf6 f3 40. Rxh6 Rxg2+ 41. Kf1 Rh2 42. Rg6 Rxh3 43. Bd7 Rh2 44. Rg1 Kb4 45. Bg4 Rg2 46. Rxg2 fxg2+ 47. Kxg2 Kxa4 48. f4 a5 49. f5 Ka3 50. Bd1 a4 51. f6 Kb4 52. Bxa4 Kxa4 53. f7 Kb5 54. f8Q Kc5 55. Qf5 h3+ 56. Kxh3 Kd4 57. Kg3 Kc4 58. Kf3 Kd4 59. Qe4+ Kc5 60. Ke3 Kb6 61. Qc4 Kb7 1-0

[Event "ROM-ch U12"]
[Site "Calimanesti Caciulata"]
[Date "2016.04.19"]
[Round "2"]
[White "Ionescu, Luca"]
[Black "Popescu, Sergiu Traian"]
[Result "0-1"]
[WhiteElo "1001"]
[BlackElo "1080"]
[PlyCount "62"]
[EventDate "2016.04.18"]
[EventType "swiss"]
[EventRounds "9"]
[EventCountry "ROU"]
[SourceTitle "CBM 172 Extra"]
[Source "ChessBase"]
[SourceDate "2016.06.21"]
[SourceVersion "1"]
[SourceVersionDate "2016.06.21"]
[SourceQuality "1"]

1. e4 e5 2. Nf3 Nc6 3. Nc3 Nf6 4. Bc4 Be7 5. 0-0 0-0 6. d3 d6 7. Be3 h6 8. h3 Be6 9. Bxe6 fxe6 10. d4 exd4 11. Bxd4 e5 12. Be3 Qd7 13. Nd5 Nxe4 14. Nxe7+ Nxe7 15. Qd3 Nf6 16. Rad1 e4 17. Qb3+ Kh8 18. Nd4 a5 19. Qxb7 Rfb8 20. Qxb8+ Rxb8 21. f3 exf3 22. Rxf3 c5 23. Ne2 Ned5 24. Rd3 Re8 25. Kf2 Nxe3 26. Rfxe3 Rxe3 27. Rxe3 Qf5+ 28. Kg1 Qxc2 29. Nf4 Ne4 30. Ne6 Qf2+ 31. Kh2 Qxe3 0-1

[Event "ROM-ch U12"]
[Site "Calimanesti Caciulata"]
[Date "2016.04.18"]
[Round "1"]
[White "Popescu, Sergiu Traian"]
[Black "Oprea, Rares Andrei"]
[Result "0-1"]
[WhiteElo "1080"]
[BlackElo "1590"]
[PlyCount "52"]
[EventDate "2016.04.18"]
[EventType "swiss"]
[EventRounds "9"]
[EventCountry "ROU"]
[SourceTitle "CBM 172 Extra"]
[Source "ChessBase"]
[SourceDate "2016.06.21"]
[SourceVersion "1"]
[SourceVersionDate "2016.06.21"]
[SourceQuality "1"]

1. e4 c5 2. Nf3 Nc6 3. d4 cxd4 4. Nxd4 g6 5. Nc3 Bg7 6. Be3 Nf6 7. f3 0-0 8. Qd2 Qa5 9. Nb3 Qc7 10. 0-0-0 d6 11. Bh6 Be6 12. Kb1 a5 13. Bxg7 Kxg7 14. h4 a4 15. Nc1 h6 16. g4 Nh7 17. Nd5 Bxd5 18. exd5 Ne5 19. Bg2 Qb6 20. Ne2 Rac8 21. Nc3 Nc4 22. Kc1 Ne3 23. Rdg1 Rxc3 24. Rh2 Rxc2+ 25. Qxc2 Nxc2 26. Kxc2 Qxg1 0-1